00500nam a2200169 a 450000100060000000300090000600800410001504000280005608200140008411000370009824500610013526000500019630000080024665000290025465000270028365000200031014340CO-ViMGA141112s2004 ck r 000 u spa d aCO-ViMGAbspacCO-ViMGA04a796 C577g aInstituto Colombiano del Deporte10aGuia practica para constitucion de organismos deportivos aSantafé de Bogotá : bColdeportes, c1997 a13014aDECRETO lEY 1228 DE 199514aDEPORTES - LEGISLACION14aLEY 181 DE 1995